00885nam a22002177a 4500999001700000005001700017008004100034020001800075040002700093041000800120082001700128100003300145245010500178260008800283300005900371650003300430650001800463650003000481942001500511952014100526 c20576d2057620191108080149.0191108b xxu||||| |||| 00| 0 spa d a9789589855232 aCO-BoIAVH cCO-BoIAVH  aspa a333.72bD33a1 aDe la Ossa-Lacayo, Alejandro10aáreas protegidas administradas por carsucre: buna compilación sobre el estado del conocimiento  aSincelejo, Colombia:bCorporación Autónoma Regional de Sucre (CARSUCRE),c2017. a218 Páginasbfotografías a color, tablase23 x17cm 0aÁreas naturales protegidas 0aLegislación 0aÁreas de Conservación 2ddccLIBRO 00102ddc40708GENERALaBogotabBogotad2019-11-08l0oLB-333.72 D33ap043713r2019-11-08 00:00:00tEj. 1w2019-11-08xDonacionyLIBRO